Préfectures de France : Nancy - Statistiques

Statistiques générales
  • Ce quiz a été pris 143 fois
  • Le résultat moyen est 12 sur 24
Statistiques - réponses
Question Réponse % Correct
Quel numéro porte celui-ci ? 54
99%
La ville est traversée par un cours d'eau, la/le/l' Meurthe
99%
De quel département est-ce la préfecture ? Meurthe-et-Moselle
94%
A quelle région administrative appartient la ville depuis 2015 ? Grand Est
86%
La ville appartient au diocèse de/d' Nancy
83%
Comment se nomment ses habitants ? Nancéen | Nancéien
82%
Le bonbon de la ville est la/le bergamote
62%
Les communes limitrophes dont le nom contient un X sont Maxéville
62%
Quelles sont les sous-préfectures qui en dépendent ? Lunéville
61%
Quelles sont les sous-préfectures qui en dépendent ? Toul
60%
La ville appartient à l'académie de/d' Nancy-Metz
59%
Les communes limitrophes dont le nom contient un X sont Laxou
57%
Quel plante figure sur le blason ? Chardon
55%
De 1971 à 1914, à quel pays appartient Nancy ? France
52%
Le journal local est L'Est Républicain
52%
Les communes limitrophes dont le nom contient un X sont Saint-Max
42%
Les oeuvres de l'Ecole de Nancy sont de style... Art nouveau
40%
Quelles sont les sous-préfectures qui en dépendent ? Val-de-Briey
20%
Quel ancien roi de Pologne devient duc de Lorraine au XVIIIe siècle ? Stanislas Leszczynski
19%
Quel duc de Bourgogne trouve la mort devant Nancy ? Charles le Téméraire
14%
Quel ancien ministre né en 1939 a enseigné le droit à Nancy ? Jack Lang
6%
Le peuple gaulois qui occupait la région est celui des Leuques
5%
Cet ordre religieux s'installe dans la vile en 1140 Hospitaliers
3%
Quel est le plus ancien nom connu de Nancy Nanciaco
1%
Aucun quiz correspondant
Distribution des résultats
% des personnes avec chaque résultat
Percentile par nombre de réponses
Votre historique - résultats
Vous n’avez pas pris ce quiz